[Event "OPEN B - XVII MIEDZYNARODOWY FESTIWAL S"]
[Site "GOLD CHESS Open  - Rewal"]
[Date "2012.??.??"]
[Round "7.1"]
[White "Kaczmarek, Aleksander"]
[Black "Budzinski, Jan"]
[Result "0-1"]
[WhiteElo "2097"]
[BlackElo "1913"]
[PlyCount "164"]
[EventDate "2012.??.??"]

1. e4 e6 2. d4 d5 3. Nd2 dxe4 4. Nxe4 Nd7 5. Nf3 Ngf6 6. Nxf6+ Nxf6 7. Bd3 c5
8. dxc5 Bxc5 9. Bg5 O-O 10. Qe2 Qa5+ 11. c3 Be7 12. Ne5 Nd5 13. Bxe7 Nxe7 14.
O-O f6 15. Nc4 Qc5 16. Rad1 Ng6 17. Bc2 e5 18. Nd6 Be6 19. Qh5 Qb6 20. Nf5 Bxf5
21. Bxf5 Rad8 22. Rde1 Rfe8 23. Re3 Nf8 24. Bc2 g6 25. Qe2 Ne6 26. Bb3 Kg7 27.
Qc4 Qc5 28. Qe4 Qc6 29. Qxc6 bxc6 30. Ba4 Rd2 31. Rb1 Rb8 32. b4 a5 33. a3 axb4
34. axb4 c5 35. Kf1 cxb4 36. cxb4 Nc5 37. Bc6 Nd3 38. b5 Rxf2+ 39. Kg1 Rb2 40.
Ra1 Nb4 41. Ra7+ Kg8 42. Bd7 Rd2 43. Be6+ Kh8 44. Rc3 Rc2 45. Rb3 Rxb5 46. h3
Rb6 47. Bf7 Rd2 48. Rc3 Rc6 49. Rb3 Rd4 50. Rb7 Na6 51. Ra7 Rcd6 52. Rbb7 Nc5
53. Rc7 Rd7 54. Bxg6 hxg6 55. Ra8+ Kg7 56. Rxc5 Kh6 57. Rc3 Rd3 58. Rc4 Kg5 59.
Re8 Rf7 60. Rc6 Rfd7 61. Rc4 R3d4 62. Rc3 Kf5 63. Rf3+ Ke4 64. Rh8 f5 65. h4
Rd3 66. Rf2 Ke3 67. Rf3+ Ke4 68. Rf2 Rd1+ 69. Kh2 R7d2 70. Rxd2 Rxd2 71. Rh6 f4
72. Rxg6 Ke3 73. Ra6 e4 74. h5 f3 75. h6 Rxg2+ 76. Kh1 Rg5 77. Ra3+ Kf4 78. Ra2
e3 79. h7 e2 80. Ra4+ Kg3 81. Re4 Rh5+ 82. Kg1 f2# 0-1

[Event "OPEN B - XVII MIEDZYNARODOWY FESTIWAL S"]
[Site "GOLD CHESS Open  - Rewal"]
[Date "2012.??.??"]
[Round "7.3"]
[White "Swiatloch, Tomasz"]
[Black "Rak, Tomasz"]
[Result "0-1"]
[WhiteElo "2099"]
[BlackElo "2066"]
[PlyCount "128"]
[EventDate "2012.??.??"]

1. e4 c5 2. Nc3 Nc6 3. f4 g6 4. Nf3 Bg7 5. Bb5 Nd4 6. O-O Nxb5 7. Nxb5 Nf6 8.
d3 d5 9. e5 Ng4 10. Qe2 O-O 11. c4 d4 12. Bd2 Qb6 13. Rab1 a6 14. Na3 Qc6 15.
b4 b6 16. Ng5 f6 17. exf6 exf6 18. Qf3 Qc7 19. Qd5+ Kh8 20. Ne6 Bxe6 21. Qxe6
Ne3 22. Rf3 Rfe8 23. Qh3 f5 24. Re1 Ng4 25. Rff1 Qd7 26. bxc5 bxc5 27. Qf3 Qa4
28. Bc1 h6 29. h3 Ne3 30. Rf2 Rab8 31. Rfe2 Red8 32. Kh2 Kh7 33. Kh1 Rb6 34.
Kh2 Rd7 35. Kh1 Re6 36. Kh2 Rde7 37. Kh1 Qe8 38. Bxe3 dxe3 39. Nc2 Bd4 40. Nxd4
cxd4 41. Rb1 Qc6 42. Qxc6 Rxc6 43. Kg1 g5 44. fxg5 hxg5 45. Kf1 f4 46. Reb2 Kg6
47. Ke2 g4 48. hxg4 Kg5 49. Kf3 Re5 50. Rb8 Ra5 51. Rg8+ Rg6 52. Rxg6+ Kxg6 53.
Kxf4 Rxa2 54. Ke4 a5 55. Kxd4 e2 56. Ke3 a4 57. Kf2 a3 58. Rb6+ Kg5 59. Ra6
Kxg4 60. c5 Kf4 61. Ra4+ Ke5 62. d4+ Ke4 63. c6 Kd3 64. d5 Ra1 0-1

[Event "OPEN B - XVII MIEDZYNARODOWY FESTIWAL S"]
[Site "GOLD CHESS Open  - Rewal"]
[Date "2012.??.??"]
[Round "7.4"]
[White "Ziaja, Krystian"]
[Black "Murawko, Katarzyna"]
[Result "1/2-1/2"]
[WhiteElo "1822"]
[BlackElo "1859"]
[PlyCount "65"]
[EventDate "2012.??.??"]

1. e4 c5 2. Nf3 d6 3. Bb5+ Bd7 4. Bxd7+ Nxd7 5. O-O Ngf6 6. Qe2 Qc7 7. c3 e5 8.
d4 Be7 9. dxe5 dxe5 10. c4 O-O 11. Nc3 a6 12. b3 Rfd8 13. Bb2 Bd6 14. Rfd1 Nf8
15. Nd5 Nxd5 16. Rxd5 Ng6 17. g3 Ne7 18. Rd3 Nc6 19. Rad1 Nd4 20. Bxd4 cxd4 21.
Nh4 Bf8 22. Qg4 Qd7 23. Qh5 Qe6 24. Qe2 Re8 25. Ng2 g6 26. g4 f6 27. Rg3 Rac8
28. g5 f5 29. exf5 Qxf5 30. h4 Bg7 31. h5 e4 32. hxg6 hxg6 33. Qg4 1/2-1/2

[Event "OPEN B - XVII MIEDZYNARODOWY FESTIWAL S"]
[Site "GOLD CHESS Open  - Rewal"]
[Date "2012.??.??"]
[Round "7.5"]
[White "Sroka, Janusz"]
[Black "Gora, Jan"]
[Result "1-0"]
[WhiteElo "2109"]
[BlackElo "1975"]
[PlyCount "95"]
[EventDate "2012.??.??"]

1. e4 c5 2. Nc3 Nc6 3. f4 g6 4. Nf3 Bg7 5. Bc4 d6 6. O-O Nf6 7. d3 O-O 8. Qe1
e6 9. f5 exf5 10. Qh4 Nh5 11. Bg5 Bf6 12. exf5 Bxg5 13. Qxg5 Qxg5 14. Nxg5 gxf5
15. g4 Nf6 16. gxf5 Nd4 17. Rae1 h6 18. Nge4 Nxe4 19. dxe4 Kh7 20. Nd5 b5 21.
Nf6+ Kg7 22. Nh5+ Kh8 23. Bd5 Nxc2 24. Bxa8 Nxe1 25. Rxe1 Bxf5 26. exf5 Rxa8
27. Re7 Rg8+ 28. Kf2 Rg5 29. Ng3 Rg4 30. Re4 Rg8 31. Kf3 d5 32. Re7 Rd8 33.
Rxf7 d4 34. Ne4 Kg8 35. Rd7 Rxd7 36. Nf6+ Kf7 37. Nxd7 c4 38. Ke4 d3 39. Ne5+
Kf6 40. Ng4+ Kg5 41. Ne3 Kf6 42. a4 a6 43. axb5 axb5 44. Kd4 d2 45. Kc3 d1=N+
46. Nxd1 Kxf5 47. Kb4 Kf4 48. Kxb5 1-0

[Event "OPEN B - XVII MIEDZYNARODOWY FESTIWAL S"]
[Site "GOLD CHESS Open  - Rewal"]
[Date "2012.??.??"]
[Round "7.6"]
[White "Nikitin, Aleksander I"]
[Black "Widla, Piotr"]
[Result "1-0"]
[WhiteElo "2094"]
[BlackElo "1961"]
[PlyCount "103"]
[EventDate "2012.??.??"]

1. Nf3 Nf6 2. g3 g6 3. b4 d5 4. Bb2 Bg7 5. Bg2 O-O 6. O-O Bf5 7. d3 Nbd7 8.
Nbd2 c5 9. a3 Rc8 10. c4 dxc4 11. Nxc4 b5 12. Ne3 Be6 13. Ng5 Qb6 14. Nxe6 Qxe6
15. a4 a6 16. axb5 axb5 17. bxc5 Nxc5 18. Rb1 Na4 19. Ba1 Ng4 20. Nd5 Bxa1 21.
Rxa1 Nc3 22. Nxc3 Rxc3 23. Rb1 Rfc8 24. e3 Ne5 25. d4 Nc4 26. Rxb5 Nxe3 27.
fxe3 Qxe3+ 28. Kh1 Rd3 29. Qg4 Rc1 30. Re5 Rxf1+ 31. Bxf1 Qc1 32. Kg2 Rd1 33.
Qe2 e6 34. Rc5 Qa1 35. Rc8+ Kg7 36. Qe5+ Kh6 37. Qf4+ Kg7 38. Rd8 Qa5 39. Rd7
Qf5 40. Qxf5 gxf5 41. Kf2 Kf6 42. Be2 Rh1 43. Kg2 Ra1 44. Bh5 h6 45. h4 e5 46.
Rd6+ Ke7 47. dxe5 Ra5 48. Rxh6 Rxe5 49. Rh7 Kf6 50. Rxf7+ Ke6 51. Rf8 Ra5 52.
Bg6 1-0

[Event "OPEN B - XVII MIEDZYNARODOWY FESTIWAL S"]
[Site "GOLD CHESS Open  - Rewal"]
[Date "2012.??.??"]
[Round "7.7"]
[White "Malec, Sebastian"]
[Black "Hasinski, Krystian"]
[Result "1-0"]
[WhiteElo "2093"]
[BlackElo "1925"]
[PlyCount "109"]
[EventDate "2012.??.??"]

1. e4 c6 2. d4 d5 3. e5 Bf5 4. Nc3 e6 5. g4 Bg6 6. Nge2 h6 7. Nf4 Bh7 8. Be3
Nd7 9. Bd3 Bxd3 10. Qxd3 Qb6 11. O-O-O O-O-O 12. h4 c5 13. Rhe1 cxd4 14. Bxd4
Qa5 15. Qf3 g6 16. h5 g5 17. Nh3 Rh7 18. Qd3 Rg7 19. Qe3 Bc5 20. f4 gxf4 21.
Qxf4 Bxd4 22. Rxd4 a6 23. Re3 Ne7 24. Qxh6 Rdg8 25. Qf4 Nc6 26. h6 Rh7 27. Ra4
Qc7 28. Re1 Ndxe5 29. Nxd5 Nd3+ 30. cxd3 exd5 31. Qf5+ Kb8 32. Kb1 Rxh6 33. Nf4
d4 34. Rc1 Qd6 35. g5 Rhh8 36. Rac4 Rg7 37. Qf6 Qxf6 38. gxf6 Rg4 39. Nd5 Rd8
40. Ne7 Ne5 41. Rc8+ Rxc8 42. Rxc8+ Ka7 43. Re8 Nxd3 44. Nc8+ Kb8 45. Kc2 Nb4+
46. Kb3 Nc6 47. Ne7+ Kc7 48. Nxc6 bxc6 49. Re7+ Kd6 50. Rxf7 Kc5 51. Rf8 Rf4
52. f7 a5 53. a4 Rf3+ 54. Kc2 Rf6 55. b3 1-0

[Event "OPEN B - XVII MIEDZYNARODOWY FESTIWAL S"]
[Site "GOLD CHESS Open  - Rewal"]
[Date "2012.??.??"]
[Round "7.8"]
[White "Reza, Wojciech"]
[Black "Gawiec, Konrad"]
[Result "1/2-1/2"]
[WhiteElo "2090"]
[BlackElo "1911"]
[PlyCount "28"]
[EventDate "2012.??.??"]

1. e4 c5 2. Nc3 Nc6 3. f4 g6 4. Nf3 Bg7 5. g3 d6 6. Bg2 e6 7. O-O Nge7 8. d3
O-O 9. Be3 Nd4 10. Qd2 Bd7 11. Nd1 Rc8 12. c3 Nxf3+ 13. Bxf3 d5 14. e5 b5
1/2-1/2

[Event "OPEN B - XVII MIEDZYNARODOWY FESTIWAL S"]
[Site "GOLD CHESS Open  - Rewal"]
[Date "2012.??.??"]
[Round "7.9"]
[White "Jaskolka, Tomasz"]
[Black "Lewtak, Dominik"]
[Result "1-0"]
[WhiteElo "2037"]
[BlackElo "1776"]
[PlyCount "31"]
[EventDate "2012.??.??"]

1. e4 e5 2. Nf3 Nf6 3. d4 exd4 4. e5 Qe7 5. Be2 Ng4 6. O-O Nxe5 7. Re1 d6 8.
Nxd4 g5 9. Nc3 c6 10. Ne4 h6 11. f4 gxf4 12. Bxf4 Bg7 13. Nf5 Bxf5 14. Nxd6+
Kf8 15. Nxf5 Qd7 16. Nxg7 1-0

[Event "OPEN B - XVII MIEDZYNARODOWY FESTIWAL S"]
[Site "GOLD CHESS Open  - Rewal"]
[Date "2012.??.??"]
[Round "7.10"]
[White "Misztal, Piotr"]
[Black "Bes, Michal"]
[Result "1/2-1/2"]
[WhiteElo "1778"]
[BlackElo "1977"]
[PlyCount "41"]
[EventDate "2012.??.??"]

1. e4 e5 2. Nf3 Nf6 3. Nxe5 d6 4. Nf3 Nxe4 5. d4 d5 6. Bd3 Nc6 7. c4 Bb4+ 8.
Nbd2 Bg4 9. cxd5 Qxd5 10. O-O Nxd2 11. Re1+ Be7 12. Bxd2 O-O 13. Be4 Qd6 14.
Bc3 Bf6 15. h3 Bxf3 16. Qxf3 Rfe8 17. Qd3 g6 18. d5 Ne5 19. Qb5 b6 20. Bc2 a5
21. Ba4 1/2-1/2

[Event "OPEN B - XVII MIEDZYNARODOWY FESTIWAL S"]
[Site "GOLD CHESS Open  - Rewal"]
[Date "2012.??.??"]
[Round "7.11"]
[White "Czepczynski, Boguslaw"]
[Black "Zminda, Bogdan"]
[Result "1-0"]
[WhiteElo "1971"]
[BlackElo "2087"]
[PlyCount "57"]
[EventDate "2012.??.??"]

1. c4 g6 2. Nc3 Bg7 3. d4 Nf6 4. Nf3 O-O 5. g3 d5 6. cxd5 Nxd5 7. Bg2 Nxc3 8.
bxc3 c5 9. O-O cxd4 10. cxd4 Nc6 11. e3 Be6 12. Bd2 Rc8 13. Qa4 Qd7 14. Qa3 b5
15. Rfc1 Bc4 16. Bb4 a5 17. Bc5 Bd5 18. Rab1 Rfe8 19. Qb2 b4 20. Qe2 e5 21.
dxe5 Nxe5 22. Nxe5 Bxe5 23. Qd1 Red8 24. Bb6 Bxg2 25. Bxd8 Rxc1 26. Rxc1 Qh3
27. Bc7 Bb2 28. Qd8+ Kg7 29. Bd6 1-0

[Event "OPEN B - XVII MIEDZYNARODOWY FESTIWAL S"]
[Site "GOLD CHESS Open  - Rewal"]
[Date "2012.??.??"]
[Round "7.13"]
[White "Drela, Michal"]
[Black "Zurkowski, Andrzej"]
[Result "0-1"]
[WhiteElo "1570"]
[BlackElo "2017"]
[PlyCount "154"]
[EventDate "2012.??.??"]

1. d4 c5 2. dxc5 e5 3. b4 a5 4. Bb2 axb4 5. Bxe5 Na6 6. Nd2 Nxc5 7. e3 d6 8.
Bd4 Nf6 9. Ngf3 Be7 10. Bc4 O-O 11. O-O Bg4 12. Qb1 d5 13. Be2 Nce4 14. Bd3 Nc3
15. Qb2 Qc7 16. Be5 Qc8 17. Bxf6 Bxf6 18. Qxb4 Bxf3 19. Nxf3 Nxa2 20. Rxa2 Rxa2
21. Rb1 Ra1 22. Rxa1 Bxa1 23. Qh4 h6 24. Qh5 Qe6 25. g4 g6 26. Qh4 Bf6 27. Qg3
Bg7 28. h3 Rd8 29. Kg2 Qd6 30. Qxd6 Rxd6 31. Nd2 Rc6 32. Nb3 b5 33. Kf3 b4 34.
e4 dxe4+ 35. Kxe4 Kf8 36. f4 Ke7 37. Kd5 Rc8 38. f5 Kf6 39. fxg6 fxg6 40. h4
Re8 41. Nd2 Re1 42. h5 gxh5 43. Ne4+ Kf7 44. gxh5 Rh1 45. Ng3 Rh3 46. Bg6+ Ke7
47. Nf5+ Kf6 48. Nd6 Kg5 49. Ne4+ Kf4 50. Nf2 Rh4 51. Nd3+ Ke3 52. Kc5 Kd2 53.
Kb5 Kc3 54. Nc5 Bf8 55. Nb3 Rg4 56. Ka4 Rxg6 57. hxg6 h5 58. Nc1 Kxc2 59. Ne2
b3 60. Nd4+ Kd3 61. Nxb3 h4 62. Nc5+ Ke3 63. Ne6 Bh6 64. Ng5 Kf4 65. Nh3+ Kg3
66. Ng5 Kg4 67. Ne4 Kf5 68. Nf2 Kxg6 69. Kb4 Kf5 70. Kc3 Be3 71. Nh1 Kf4 72.
Kd3 Kf3 73. Kc4 h3 74. Kd3 h2 75. Kc4 Kg2 76. Kd3 Kxh1 77. Kxe3 Kg1 0-1

[Event "OPEN B - XVII MIEDZYNARODOWY FESTIWAL S"]
[Site "GOLD CHESS Open  - Rewal"]
[Date "2012.??.??"]
[Round "7.14"]
[White "Nowak, Ryszard"]
[Black "Malinowski, Damian"]
[Result "1-0"]
[WhiteElo "2046"]
[BlackElo "1827"]
[PlyCount "77"]
[EventDate "2012.??.??"]

1. c4 e6 2. Nf3 d5 3. g3 Nf6 4. Bg2 Be7 5. O-O O-O 6. d4 dxc4 7. Ne5 Nc6 8.
Nxc6 bxc6 9. Bxc6 Rb8 10. Nc3 Bb7 11. Bxb7 Rxb7 12. e4 c5 13. d5 exd5 14. exd5
Rd7 15. Qe2 Nxd5 16. Qxc4 Nb6 17. Qb5 f5 18. Be3 Qc7 19. Rad1 Rfd8 20. Rxd7
Rxd7 21. Rd1 Rxd1+ 22. Nxd1 Qd7 23. Nc3 Qxb5 24. Nxb5 a6 25. Nc7 a5 26. Kf1 Kf7
27. Ke2 Bd6 28. Nb5 Ke6 29. b3 h6 30. a4 g5 31. Bd2 Na8 32. Nxd6 Kxd6 33. Bxa5
Kd5 34. Kd3 h5 35. h3 g4 36. h4 Kc6 37. Ke3 Nb6 38. Bxb6 Kxb6 39. Kd3 1-0

[Event "OPEN B - XVII MIEDZYNARODOWY FESTIWAL S"]
[Site "GOLD CHESS Open  - Rewal"]
[Date "2012.??.??"]
[Round "7.15"]
[White "Knap, Jerzy"]
[Black "Birkenmaier, Rainer"]
[Result "1/2-1/2"]
[WhiteElo "1798"]
[BlackElo "2099"]
[PlyCount "102"]
[EventDate "2012.??.??"]

1. d4 d5 2. c4 e6 3. Nc3 Nf6 4. Nf3 Nbd7 5. Bg5 Be7 6. e3 O-O 7. Rc1 c6 8. Bd3
dxc4 9. Bxc4 b5 10. Be2 Bb7 11. O-O a6 12. a3 c5 13. dxc5 Nxc5 14. Qxd8 Rfxd8
15. Rfd1 Nb3 16. Rxd8+ Rxd8 17. Rd1 h6 18. Bh4 Kf8 19. Rxd8+ Bxd8 20. Bg3 Ne4
21. Nxe4 Bxe4 22. Bd1 Nc5 23. Nd2 Bb7 24. Bd6+ Be7 25. Bxe7+ Kxe7 26. Bc2 f5
27. f3 g5 28. Kf2 Kf6 29. g3 Bd5 30. e4 fxe4 31. Nxe4+ Bxe4 32. Bxe4 Ke5 33.
Ke3 Na4 34. b3 Nb6 35. Kd3 Kd6 36. Kd4 e5+ 37. Kc3 Kc5 38. Bb7 a5 39. b4+ axb4+
40. axb4+ Kd6 41. Be4 Nd7 42. Bd3 Kc6 43. Be4+ Kc7 44. Bd3 Kb6 45. Be4 Nf6 46.
Kd3 Kc7 47. Ke3 Kd6 48. Kd3 Ne8 49. Ke3 Nc7 50. Kd3 Ne6 51. Ke3 Nc7 1/2-1/2

[Event "OPEN B - XVII MIEDZYNARODOWY FESTIWAL S"]
[Site "GOLD CHESS Open  - Rewal"]
[Date "2012.??.??"]
[Round "7.16"]
[White "Poswiatowski, Stanislaw"]
[Black "Hasanov, Sahib"]
[Result "0-1"]
[WhiteElo "1700"]
[BlackElo "2068"]
[PlyCount "100"]
[EventDate "2012.??.??"]

1. d4 Nf6 2. Nf3 d5 3. c4 c6 4. cxd5 cxd5 5. Nc3 g6 6. Bf4 a6 7. e3 Bg7 8. Qa4+
Bd7 9. Qb3 Bc6 10. Be2 Nbd7 11. O-O O-O 12. Rfc1 Qa5 13. Ne5 Nxe5 14. Bxe5 Nd7
15. Bg3 e5 16. dxe5 Nxe5 17. Bxe5 Bxe5 18. Bf3 Rad8 19. Ne2 Qc7 20. g3 Qd6 21.
Nd4 Qf6 22. Rd1 h5 23. Bg2 h4 24. Rd2 hxg3 25. hxg3 Rd7 26. Rc1 Rfd8 27. Qb6
Bc7 28. Qc5 Bd6 29. Qc3 Qe7 30. Rdc2 Ba4 31. b3 Rc7 32. Qa5 Rxc2 33. Rxc2 Be8
34. Qxd5 Bxg3 35. Qxb7 Qe5 36. Qe4 Bh2+ 37. Kf1 Qh5 38. Ke1 Qa5+ 39. Kd1 Qh5+
40. Ke1 Qa5+ 41. Kd1 Be5 42. Rd2 Bf6 43. Qc2 Qh5+ 44. Ke1 Qh2 45. Bc6 Rc8 46.
Qe4 Bxd4 47. Bxe8 Bc3 48. Ke2 Bxd2 49. Qe7 Qh5+ 50. Kxd2 Qd5+ 0-1

[Event "OPEN B - XVII MIEDZYNARODOWY FESTIWAL S"]
[Site "GOLD CHESS Open  - Rewal"]
[Date "2012.??.??"]
[Round "7.17"]
[White "Obiedzinski, Pawel"]
[Black "Trepkowski, Piotr"]
[Result "1-0"]
[WhiteElo "2040"]
[BlackElo "1786"]
[PlyCount "97"]
[EventDate "2012.??.??"]

1. d4 Nf6 2. Bg5 Ne4 3. Bh4 g5 4. Bg3 h5 5. Be5 f6 6. Qd3 d5 7. f3 Nd6 8. Bxd6
Qxd6 9. Qg6+ Kd8 10. Nc3 Nc6 11. e3 e5 12. O-O-O exd4 13. exd4 Rh6 14. Qd3 Nb4
15. Qe3 Bf5 16. Rd2 Rh7 17. a3 Re7 18. Qf2 Nc6 19. Bd3 Bxd3 20. Rxd3 Na5 21.
Nge2 Nc4 22. Ng3 Qb6 23. b3 Qa5 24. bxc4 Qxa3+ 25. Kd2 dxc4 26. Re3 Rd7 27.
Nge2 c6 28. Rd1 Kc7 29. Nd5+ Rxd5 30. Rxa3 Bxa3 31. c3 Rad8 32. Ng3 c5 33. Ke2
cxd4 34. cxd4 Bc5 35. Ne4 Bxd4 36. Qg3+ Be5 37. Rxd5 Bxg3 38. Rxd8 Kxd8 39.
hxg3 Ke7 40. Ke3 f5 41. Nxg5 Kd6 42. Kd4 b5 43. Nf7+ Kc6 44. Nh6 a5 45. Nxf5 a4
46. Ne3 a3 47. Nc2 Kb6 48. Nxa3 Ka5 49. Nxc4+ 1-0

[Event "OPEN B - XVII MIEDZYNARODOWY FESTIWAL S"]
[Site "GOLD CHESS Open  - Rewal"]
[Date "2012.??.??"]
[Round "7.18"]
[White "Jablonska, Sabina"]
[Black "Szeglowski, Tomasz"]
[Result "0-1"]
[WhiteElo "1979"]
[BlackElo "1757"]
[PlyCount "68"]
[EventDate "2012.??.??"]

1. b3 Nf6 2. Bb2 g6 3. c4 Bg7 4. f4 O-O 5. Nf3 c6 6. d4 d5 7. Nbd2 Ng4 8. Qc1
Qd6 9. Ne5 Ne3 10. Qc3 Nxf1 11. Rxf1 f6 12. Nd3 Bf5 13. h3 Nd7 14. g4 Bxd3 15.
Qxd3 e5 16. e3 exf4 17. exf4 Rae8+ 18. Kd1 f5 19. g5 dxc4 20. Nxc4 Qe6 21. Kd2
b5 22. Ne3 Nc5 23. Qc2 Ne4+ 24. Kd3 Ng3 25. Qg2 Nxf1 26. Rxf1 Qe4+ 27. Qxe4
Rxe4 28. Ng2 c5 29. Re1 Rfe8 30. Rxe4 Rxe4 31. Bc3 Bxd4 32. Bd2 Bf2 33. Bc3 Kf7
34. Be5 Ke6 0-1

[Event "OPEN B - XVII MIEDZYNARODOWY FESTIWAL S"]
[Site "GOLD CHESS Open  - Rewal"]
[Date "2012.??.??"]
[Round "7.19"]
[White "Obiedzinski, Piotr"]
[Black "Niedbal, Piotr"]
[Result "1-0"]
[WhiteElo "1913"]
[BlackElo "1693"]
[PlyCount "71"]
[EventDate "2012.??.??"]

1. e4 d5 2. exd5 Qxd5 3. Nc3 Qa5 4. d4 Nf6 5. Bd3 Bg4 6. f3 Bh5 7. Nge2 c6 8.
Bd2 Nbd7 9. Ne4 Qd8 10. Nf4 Bg6 11. Nxg6 hxg6 12. Qe2 Qb6 13. Nd6+ Kd8 14.
Nxf7+ Kc7 15. Nxh8 Re8 16. Bxg6 Qxd4 17. Bxe8 Nxe8 18. O-O-O Qa4 19. Kb1 e5 20.
Nf7 Bc5 21. Nxe5 Bd4 22. Qc4 Qxc4 23. Nxc4 Bf6 24. Rhe1 Nd6 25. Bf4 g5 26.
Bxd6+ Kd8 27. Re6 Bg7 28. Rde1 Nf6 29. Be7+ Kd7 30. Bxf6 Bf8 31. Be7 Bh6 32.
Rd6+ Kc8 33. Bxg5 b5 34. Re8+ Kc7 35. Re7+ Kb8 36. Rd8# 1-0

[Event "OPEN B - XVII MIEDZYNARODOWY FESTIWAL S"]
[Site "GOLD CHESS Open  - Rewal"]
[Date "2012.??.??"]
[Round "7.20"]
[White "Nun, Grzegorz"]
[Black "Kowalczyk, Adam"]
[Result "0-1"]
[WhiteElo "1726"]
[BlackElo "1896"]
[PlyCount "104"]
[EventDate "2012.??.??"]

1. e4 c5 2. Nf3 e6 3. Nc3 Nc6 4. Bb5 Nd4 5. Bc4 Ne7 6. Nxd4 cxd4 7. Ne2 Nc6 8.
O-O Bc5 9. d3 Na5 10. Bb3 Nxb3 11. axb3 O-O 12. f4 f5 13. e5 b5 14. Rf3 Bb7 15.
Rh3 Qc7 16. Qe1 Qc6 17. Qf2 Bb6 18. Ng3 g6 19. Nf1 Rac8 20. Bd2 Qxc2 21. Rc1
Qxb3 22. Rxc8 Bxc8 23. Qh4 Rf7 24. Qh6 Bc5 25. Rg3 Bf8 26. Qg5 Kg7 27. Qd8 Qc2
28. Rh3 Bb7 29. Qg5 Qxb2 30. Ba5 Qe2 31. Bd8 Qg4 32. Bf6+ Kg8 33. Qxg4 fxg4 34.
Rg3 h5 35. h3 gxh3 36. gxh3 Kh7 37. Nd2 Bd5 38. Ne4 Bxe4 39. dxe4 Be7 40. Bxe7
Rxe7 41. Ra3 Rf7 42. Rxa7 d3 43. Kf2 Rxf4+ 44. Ke3 Rf7 45. Kxd3 Kh6 46. h4 g5
47. hxg5+ Kxg5 48. Rb7 h4 49. Rxb5 h3 50. Rb8 Rh7 51. Rb1 h2 52. Rh1 Kf4 0-1

[Event "OPEN B - XVII MIEDZYNARODOWY FESTIWAL S"]
[Site "GOLD CHESS Open  - Rewal"]
[Date "2012.??.??"]
[Round "7.22"]
[White "Duszenko, Michal"]
[Black "Bobryk, Konrad"]
[Result "1-0"]
[WhiteElo "1852"]
[BlackElo "1616"]
[PlyCount "83"]
[EventDate "2012.??.??"]

1. e4 c5 2. Nf3 Nc6 3. d4 cxd4 4. Nxd4 g6 5. Nc3 Bg7 6. Be3 Nf6 7. Bc4 d6 8. f3
O-O 9. Qd2 Bd7 10. Bb3 Qa5 11. O-O-O Rfc8 12. g4 Ne5 13. Kb1 Nc4 14. Bxc4 Rxc4
15. h4 Rac8 16. Nb3 Qa6 17. h5 Bxg4 18. e5 Bxf3 19. exf6 Bxf6 20. hxg6 hxg6 21.
Bg5 Bxd1 22. Bxf6 exf6 23. Nxd1 g5 24. Nd4 Qb6 25. Qh2 Kf8 26. Nf5 Ke8 27.
Nxd6+ Kd7 28. Nxc8 Kxc8 29. Qh3+ Qe6 30. Qd3 Kb8 31. Nc3 Rc8 32. Nd5 f5 33. a3
f4 34. Rh5 Rg8 35. Qh7 Rd8 36. c4 f3 37. Rxg5 Qe1+ 38. Ka2 f2 39. Qh2+ Ka8 40.
Nc7+ Kb8 41. Na6+ Ka8 42. Qb8+ 1-0

[Event "OPEN B - XVII MIEDZYNARODOWY FESTIWAL S"]
[Site "GOLD CHESS Open  - Rewal"]
[Date "2012.??.??"]
[Round "7.23"]
[White "Czernicki, Bogdan"]
[Black "Czerniawski, Krzysztof"]
[Result "1-0"]
[WhiteElo "1850"]
[BlackElo "1569"]
[PlyCount "61"]
[EventDate "2012.??.??"]

1. c4 Nf6 2. Nc3 g6 3. d4 Bg7 4. e4 d6 5. f4 O-O 6. Nf3 Nfd7 7. Bd3 e5 8. fxe5
dxe5 9. d5 Nc5 10. Bc2 a5 11. Be3 Nba6 12. O-O Bd7 13. Qd2 Qe7 14. Rae1 Rad8
15. Re2 Bc8 16. Ref2 f6 17. Ne1 b6 18. Nd3 Nxd3 19. Bxd3 Nc5 20. Bc2 Kh8 21. b3
Rg8 22. Rf3 Bd7 23. d6 cxd6 24. Nd5 Qe6 25. Nxb6 Bc6 26. Bxc5 dxc5 27. Qxa5 Rd4
28. Re1 Qd6 29. Rf2 Bh6 30. Nd5 Bd2 31. Rxd2 1-0

[Event "OPEN B - XVII MIEDZYNARODOWY FESTIWAL S"]
[Site "GOLD CHESS Open  - Rewal"]
[Date "2012.??.??"]
[Round "7.24"]
[White "Steppuhn, Thomas"]
[Black "Wilk, Tomasz"]
[Result "0-1"]
[WhiteElo "2039"]
[BlackElo "1667"]
[PlyCount "52"]
[EventDate "2012.??.??"]

1. b4 d5 2. Bb2 e6 3. e3 Nf6 4. b5 c5 5. Nf3 Nbd7 6. c4 b6 7. Nc3 Bb7 8. Be2
Qc7 9. O-O Bd6 10. h3 O-O-O 11. cxd5 exd5 12. d4 Rhe8 13. Bd3 Ne4 14. Rc1 f5
15. Ne2 c4 16. Qa4 Kb8 17. Bxe4 fxe4 18. Nd2 Nf6 19. Ba3 Bc8 20. Bxd6 Rxd6 21.
Nb1 Nh5 22. Na3 Rg6 23. Kh1 Bxh3 24. gxh3 Qf7 25. Ng1 Qf6 26. Nxc4 Qg5 0-1

[Event "OPEN B - XVII MIEDZYNARODOWY FESTIWAL S"]
[Site "GOLD CHESS Open  - Rewal"]
[Date "2012.??.??"]
[Round "7.25"]
[White "Kaluzny, Wlodzimierz"]
[Black "Kopica, Paulina"]
[Result "1/2-1/2"]
[WhiteElo "2011"]
[BlackElo "1744"]
[PlyCount "117"]
[EventDate "2012.??.??"]

1. d4 e6 2. Nf3 f5 3. Bf4 Nf6 4. e3 b6 5. Bc4 Bb7 6. O-O Be7 7. h3 O-O 8. Nbd2
Qc8 9. Rc1 h6 10. Bh2 d6 11. Bb3 Ne4 12. c4 Bf6 13. Nxe4 Bxe4 14. Nd2 Bb7 15.
Qc2 Kh8 16. Qd3 e5 17. Bc2 e4 18. Qe2 Qe6 19. b3 Nd7 20. Rfe1 Bg5 21. Bg3 Rae8
22. b4 c6 23. a4 Qe7 24. a5 bxa5 25. Rb1 axb4 26. Rxb4 Ba6 27. Ra1 d5 28. Rba4
Bxc4 29. Nxc4 dxc4 30. Rxa7 Qe6 31. R1a6 Rc8 32. Qd2 Bd8 33. d5 Qe8 34. Rxc6
Rxc6 35. dxc6 Ne5 36. c7 Bf6 37. Ba4 Qe6 38. Bxe5 Bxe5 39. Qb4 Rc8 40. Qc5 c3
41. Bc2 Qd6 42. Qxd6 Bxd6 43. g4 fxg4 44. hxg4 Bxc7 45. Rb7 Bd6 46. Rd7 Bc5 47.
Kg2 Kg8 48. Bxe4 Bxe3 49. fxe3 c2 50. Bxc2 Rxc2+ 51. Kf3 Rc4 52. Ra7 Kh7 53.
Ra6 Kg8 54. e4 Kf7 55. Kf4 Rb4 56. Rc6 Ra4 57. Kf5 Ra5+ 58. e5 g6+ 59. Kf4
1/2-1/2

[Event "OPEN B - XVII MIEDZYNARODOWY FESTIWAL S"]
[Site "GOLD CHESS Open  - Rewal"]
[Date "2012.??.??"]
[Round "7.26"]
[White "Jaskiewicz, Kamila"]
[Black "Jewulski, Krzysztof"]
[Result "1/2-1/2"]
[WhiteElo "1661"]
[BlackElo "1950"]
[PlyCount "73"]
[EventDate "2012.??.??"]

1. Nf3 Nf6 2. c4 c5 3. g3 g6 4. Bg2 Bg7 5. O-O O-O 6. d4 cxd4 7. Nxd4 Nc6 8.
Nxc6 dxc6 9. Nc3 Be6 10. Qa4 Qd4 11. Qb4 Qb6 12. Qxe7 Bxc4 13. Qa3 Qa6 14. Qxa6
Bxa6 15. Rd1 Rad8 16. Be3 Rfe8 17. Bxa7 Rxd1+ 18. Rxd1 Bxe2 19. Nxe2 Rxe2 20.
Rd8+ Re8 21. Rxe8+ Nxe8 22. b4 Nd6 23. Bc5 Nc4 24. a4 Bf8 25. Bxf8 Kxf8 26. f4
Ke7 27. Kf2 Nb2 28. b5 cxb5 29. axb5 b6 30. Ke3 Nc4+ 31. Kd4 Nd6 32. Bf1 Nf5+
33. Ke4 Kd6 34. g4 Ne7 35. Bc4 f6 36. Kd4 h6 37. f5 1/2-1/2

[Event "OPEN B - XVII MIEDZYNARODOWY FESTIWAL S"]
[Site "GOLD CHESS Open  - Rewal"]
[Date "2012.??.??"]
[Round "7.27"]
[White "Gajzner, Ryszard"]
[Black "Kalmuk, Krzysztof"]
[Result "0-1"]
[WhiteElo "1734"]
[BlackElo "1857"]
[PlyCount "84"]
[EventDate "2012.??.??"]

1. Nf3 Nf6 2. c4 g6 3. g3 Bg7 4. Bg2 d6 5. Nc3 O-O 6. O-O c5 7. d3 Nc6 8. Rb1
Bd7 9. a3 Rb8 10. b4 b6 11. b5 Na5 12. Nd2 Qc8 13. Re1 Bh3 14. Bh1 Ng4 15. Nd5
Re8 16. Nb3 Nxb3 17. Qxb3 Qf5 18. Nf4 Nh6 19. Nxh3 Qxh3 20. Bg2 Qc8 21. Bb2 Nf5
22. Bxg7 Kxg7 23. Qc3+ f6 24. a4 e6 25. a5 Qd8 26. Ra1 Re7 27. Ra2 d5 28. Rea1
Qd6 29. axb6 axb6 30. Ra7 Rbb7 31. Rxb7 Rxb7 32. Ra8 Rd7 33. cxd5 exd5 34. e3
Qe6 35. Rc8 d4 36. Qc1 dxe3 37. Rc6 exf2+ 38. Kxf2 Qe5 39. Be4 Qd4+ 40. Ke2 Nd6
41. Qc2 Re7 42. Kf3 f5 0-1